|
|
|
|
| LEADER |
00895nam a2200217 u 4500 |
| 001 |
10095773 |
| 003 |
upatras |
| 005 |
20210117210213.0 |
| 008 |
111223s1997 gr gre |
| 040 |
|
|
|a GR-PaULI
|c GR-PaULI
|b gre
|
| 082 |
0 |
4 |
|a 519
|
| 100 |
1 |
|
|a Γεωργίου, Κωνσταντίνος Γ.
|d 1940-
|4
|9 102679
|e συγγραφέας
|
| 245 |
1 |
0 |
|a Εφαρμοσμένα μαθηματικά /
|c Κ. Γεωργίου
|
| 260 |
|
|
|a Πάτρα :
|b Πανεπιστήμιο Πατρών,
|c 1997
|
| 300 |
|
|
|a 2 τ. :
|b εικ. ;
|c 25 εκ.
|
| 500 |
|
|
|a τ. 2. - 245 σ.
|
| 650 |
|
4 |
|9 113419
|a Εφαρμοσμένα μαθηματικά
|
| 942 |
|
|
|2 ddc
|c BK15
|
| 952 |
|
|
|0 0
|1 0
|2 ddc
|3 τ.2
|4 0
|6 519_000000000000000_ΓΕΩ
|7 0
|9 205916
|a LISP
|b LISP
|c BSC
|d 2016-09-30
|i 135192
|l 0
|o 519 ΓΕΩ
|p 025000251092
|r 2016-09-30 00:00:00
|t 1
|w 2016-09-30
|y BK15
|
| 998 |
|
|
|c ΜΠΟΥΡΑΣ
|d 2016-09
|
| 999 |
|
|
|c 125208
|d 125208
|